000
00320nam a2200121Ia 4500
008
220204s9999 xx 000 0 und d
082
_a
635.82(031)
_b
KIB
100
_a
KIBBY, Geoffrey
245
0
_a
Colour encyclopaedia of mushrooms and toodstools
260
_a
London
_b
Cathay
_c
1979
650
_a
Mushrooms
942
_c
BK
999
_c
35546
_d
35546